| 000 | 00000nam##2200000za#4500 |
| 001 | 9.633375 |
| 003 | CaOODSP |
| 005 | 20210624215309 |
| 007 | cr ||||||||||| |
| 008 | 150407|2006||||xxc|||||o f|0| 0 fre|d |
| 040 | |aCaOODSP|bfre |
| 043 | |an-cn--- |
| 086 | 1 |aEn4-9/2006F-PDF |
| 110 | 1 |aCanada. |bEnvironnement Canada. |
| 245 | 13|aLa qualité de l'eau du secteur fluvial : |h[ressource électronique]|bparamètres physico-chimiques et bactériologiques |
| 246 | 1 |aSuivi de l'état du Saint-Laurent |
| 250 | |a2e édition. |
| 260 | |aMontréal - Québec : |bEnvironnement Canada |cc2006. |
| 300 | |a4p.|bgraphiques, cartes |
| 590 | |a14-17-Supp|b2014-10-09 |
| 691 | 07|aQualité de l'eau|2gcpds |
| 775 | 08|tWater quality in the fluvial section : |w(CaOODSP)9.688955 |
| 856 | 40|ahttp://publications.gc.ca|qPDF|s3.67 Mo|uhttps://publications.gc.ca/collections/collection_2014/ec/En4-9-2006-fra.pdf |